000 01032nam a2200265Ia 4500
008 191130s2000##################000#0#eng##
020 _a9780520221413
022 _a99048288
040 _aACL
_cACL
082 _a305.420944 MAR
245 _aThe new biography : performing femininity in nineteenth-century France
_cedited by Jo Burr Margadant
260 _aBerkeley
_bUniversity of California Press
_cc2000
300 _ax, 298 p. : ill. ; 24 cm
500 _aIncludes bibliographical references (p. 263-284) and index
650 _aFeminism - France - History - 19th century
650 _aFeminists - France - Biography
650 _aMotherhood in popular culture - France - History - 19th century
650 _aSex role - France - History - 19th century
650 _aWomen - Political activity - France - History - 19th century
650 _aWomen authors, French - 19th century - Biography
700 _aMargadant, Jo Burr
990 _a4d66c338ac10000c61f02d9b436e595d
991 _a166149
999 _c60696
_d60696